[Event "Olympiad-44"]
[Site "Chennai"]
[Date "2022.08.01"]
[Round "4.1"]
[White "Ballebako, Kokou Difendramakad"]
[Black "Nevska, Gerda"]
[Result "0-1"]
[WhiteElo "1524"]
[BlackElo "1840"]
[PlyCount "162"]
[EventDate "2022.07.29"]
[EventType "team-swiss"]
[EventRounds "11"]
[EventCountry "IND"]
[SourceTitle "CBM 210"]
[Source "ChessBase"]
[SourceDate "2022.10.31"]
[SourceVersion "1"]
[SourceVersionDate "2022.10.31"]
[SourceQuality "1"]
[WhiteTeam "Togo"]
[BlackTeam "Guernsey"]
[WhiteTeamCountry "TOG"]
[BlackTeamCountry "GCI"]

1. d4 g6 2. Bf4 Bg7 3. e3 d6 4. Nf3 Nf6 5. Bc4 0-0 6. Nbd2 Nh5 7. Bg5 h6 8. Bh4 Nd7 9. g4 Nhf6 10. g5 Nh7 11. gxh6 Bxh6 12. Rg1 Kh8 13. Qe2 c5 14. Ng5 Nxg5 15. Bxg5 Bxg5 16. Rxg5 d5 17. Rxd5 e6 18. Rh5+ Kg7 19. 0-0-0 cxd4 20. Rh3 Nf6 21. Rg1 e5 22. Rhg3 Rh8 23. Nf3 e4 24. Ne5 d3 25. cxd3 exd3 26. Nxf7 Bf5 27. Nxd8 dxe2 28. Ne6+ Kh7 29. Ng5+ Kg7 30. Kd2 Rac8 31. Bb3 Rxh2 32. Kxe2 b5 33. Nf3 Rh3 34. Nd4 Rxg3 35. Rxg3 Bd7 36. Bc2 Be8 37. Ne6+ Kf7 38. Bb3 Ke7 39. Nf4 Ne4 40. Rh3 Kf6 41. Rh7 Rd8 42. Nd5+ Kg5 43. Rxa7 Bc6 44. Ne7 Bd7 45. Bd5 Nf6 46. f4+ Kh6 47. Ra8 Bg4+ 48. Ke1 Rxd5 49. Nxd5 Nxd5 50. Kd2 Bf3 51. Rd8 Be4 52. Re8 Nf6 53. Re6 Kg7 54. a4 Bf5 55. Ra6 Ne4+ 56. Kc1 bxa4 57. Rxa4 Kf7 58. Rd4 Nc5 59. Rd8 Ke7 60. Rb8 Kd6 61. Kd2 Nd7 62. Re8 Kd5 63. Kc3 Nc5 64. b4 Ne4+ 65. Kb3 Nd6 66. Re5+ Kc6 67. Ka4 Bc2+ 68. Ka5 Nc4+ 69. Ka6 Nxe5 70. b5+ Kd7 71. fxe5 Ke6 72. b6 Be4 73. Kb5 g5 74. Kc4 Kxe5 75. b7 Bxb7 76. Kd3 Bf3 77. Kd2 g4 78. Ke1 g3 79. Kf1 Ke4 80. Kg1 Kxe3 81. Kf1 Kf4 0-1

[Event "Tema op 7th"]
[Site "Tema"]
[Date "2022.01.08"]
[Round "3"]
[White "Ballebako, Kokou Difendramakad"]
[Black "Ameku, David"]
[Result "1-0"]
[WhiteElo "1406"]
[BlackElo "1778"]
[PlyCount "44"]
[EventDate "2022.01.07"]
[EventType "swiss"]
[EventRounds "7"]
[EventCountry "GHA"]
[SourceTitle "EXT 2023"]
[Source "ChessBase"]
[SourceDate "2022.10.05"]
[SourceVersion "1"]
[SourceVersionDate "2022.10.05"]
[SourceQuality "1"]

1. e4 c6 2. d4 d5 3. e5 c5 4. c3 Nc6 5. Bb5 cxd4 6. cxd4 Bf5 7. Nc3 e6 8. Nf3 Qb6 9. a3 h6 10. h3 Nge7 11. 0-0 a6 12. Ba4 Bh7 13. b4 Nf5 14. Bb2 a5 15. b5 Ncxd4 16. Nxd4 Nxd4 17. Nxd5 exd5 18. Bxd4 Bc5 19. Bxc5 Qxc5 20. b6+ Ke7 21. Qg4 Rad8 22. Qxg7 Qxb6 1-0